header

Dimensions in mentoring (Record no. 44413)

MARC details
000 -LEADER
fixed length control field 01417nam a2200325 a 4500
245 00 - TITLE STATEMENT
Title Dimensions in mentoring
260 ## - PUBLICATION, DISTRIBUTION, ETC. (IMPRINT)
Place of publication Rotterdam :
Name of publisher Sense Publishers,
Year of publication 2012.
300 ## - PHYSICAL DESCRIPTION
Number of Pages viii, 265 p.
505 0# - FORMATTED CONTENTS NOTE
Formatted contents note section 1. Mentoring pre-service teachers and students -- section 2. Mentoring from the field -- section 3. Mentoring in academia and beyond.
650 #0 - SUBJECT ADDED ENTRY--TOPICAL TERM
Topical Term Mentoring in education.
Topical Term Mentoring.
700 1# - ADDED ENTRY--PERSONAL NAME
Personal name Myers, Susan D.
Personal name Anderson, Connie W.
856 40 - ELECTRONIC LOCATION AND ACCESS
Uniform Resource Identifier http://site.ebrary.com/lib/rucke/Doc?id=10642990

No items available.

© 2026 Rongo University
Contact us: librarian | system librarian | Rongo university